Biblioteca y Centro de Documentación

El sistema financiero español en el marco de la UE (Registro nro. 53040)

Detalles MARC
000 -CABECERA
Longitud fija campo de control 01316nam a2200397 c 4500
001 - NÚMERO DE CONTROL
Número de control 53040
003 - IDENTIFICADOR DE NÚMERO DE CONTROL
Identificador del número de control ES-MaCES
005 - FECHA Y HORA DE LA ÚLTIMA TRANSACCIÓN
Fecha y hora de la última transacción 20250211131304.0
008 - CAMPO FIJO DE DESCRIPCIÓN FIJA--INFORMACIÓN GENERAL
Códigos de información de longitud fija   000000s2023 sp 000 | spa d
017 ## - NÚMERO DE REGISTRO DE DERECHOS DE AUTOR Y DEPÓSITO LEGAL
Número de copyright o de depósito legal M 26237-2023
Agencia que asigna el número DL
020 ## - ISBN (INTERNATIONAL STANDARD BOOK NUMBER)
Número Internacional Normalizado para Libros (ISBN) 9788419111852
040 ## - FUENTE DE CATALOGACIÓN
Centro catalogador de origen ES-MaCES
Lengua de catalogación spa
Centro transcriptor ES-MaCES
100 1# - ENCABEZAMIENTO PRINCIPAL--NOMBRE PERSONAL
9 (RLIN) 20382
Nombre de persona Parejo Gámir, José Alberto
245 13 - MENCIÓN DE TÍTULO
Título El sistema financiero español en el marco de la UE
Resto del título : teoría y práctica
Mención de responsabilidad, etc. José Arberto Parejo Gamir, Antonio Calvo Bernardino y Eduardo Alcalde Gutiérrez
260 ## - PUBLICACIÓN, DISTRIBUCIÓN, ETC (PIE DE IMPRENTA)
Lugar de publicación, distribución, etc. Madrid
Nombre del editor, distribuidor, etc. CEU ediciones
Fecha de publicación, distribución, etc. [2023]
300 ## - DESCRIPCIÓN FÍSICA
Extensión 368 p.
Dimensiones 22 cm
500 ## - NOTA GENERAL
Nota general En el lomo: 8
504 ## - NOTA DE BIBLIOGRAFÍA, ETC.
Nota de bibliografía, etc. Bibliografía
541 ## - NOTA DE LA FUENTE INMEDIANTE DE ADQUISICIÓN
Forma de adquisición Compra
650 #4 - ASIENTO SECUNDARIO DE MATERIA--TÉRMINO DE MATERIA
Término de materia o nombre geográfico como elemento inicial mercado financiero
9 (RLIN) 28150
650 #4 - ASIENTO SECUNDARIO DE MATERIA--TÉRMINO DE MATERIA
Término de materia o nombre geográfico como elemento inicial sector financiero
9 (RLIN) 30761
650 #4 - ASIENTO SECUNDARIO DE MATERIA--TÉRMINO DE MATERIA
Término de materia o nombre geográfico como elemento inicial política financiera
9 (RLIN) 28124
650 #4 - ASIENTO SECUNDARIO DE MATERIA--TÉRMINO DE MATERIA
Término de materia o nombre geográfico como elemento inicial política crediticia
9 (RLIN) 28109
650 #4 - ASIENTO SECUNDARIO DE MATERIA--TÉRMINO DE MATERIA
Término de materia o nombre geográfico como elemento inicial desarrollo institucional
9 (RLIN) 29802
650 #4 - ASIENTO SECUNDARIO DE MATERIA--TÉRMINO DE MATERIA
Término de materia o nombre geográfico como elemento inicial UEM
9 (RLIN) 30760
650 #4 - ASIENTO SECUNDARIO DE MATERIA--TÉRMINO DE MATERIA
Término de materia o nombre geográfico como elemento inicial España
9 (RLIN) 26964
650 #4 - ASIENTO SECUNDARIO DE MATERIA--TÉRMINO DE MATERIA
9 (RLIN) 26752
Término de materia o nombre geográfico como elemento inicial UE
650 #4 - ASIENTO SECUNDARIO DE MATERIA--TÉRMINO DE MATERIA
Término de materia o nombre geográfico como elemento inicial teoría económica
9 (RLIN) 27076
650 #4 - ASIENTO SECUNDARIO DE MATERIA--TÉRMINO DE MATERIA
Término de materia o nombre geográfico como elemento inicial análisis económico
9 (RLIN) 27070
653 10 - TÉRMINO DE INDEXACIÓN--NO CONTROLADO
Término no controlado Financiación
700 1# - ENCABEZAMIENTO SECUNDARIO--NOMBRE PERSONAL
9 (RLIN) 8751
Nombre de persona Calvo Bernardino, Antonio
700 1# - ENCABEZAMIENTO SECUNDARIO--NOMBRE PERSONAL
9 (RLIN) 40910
Nombre de persona Alcalde Gutiérrez, Eduardo
710 2# - ENCABEZAMIENTO SECUNDARIO--NOMBRE CORPORATIVO
Nombre de entidad o nombre de jurisdicción como elemento inicial Fundación Universitaria San Pablo CEU
Término indicativo de función ed.
9 (RLIN) 3923
902 ## - CES. TIPO DE DOCUMENTO
Tipodoc (006$c Sirtex) LIB Libro
942 ## - ELEMENTOS KOHA
Fuente de clasificaión o esquema Clasificación propia del CES
Koha [por defecto] tipo de item Monografías
Parte de clasificación Economía
Existencias
Número de registro Signatura completa Tipo de item de Koha
093282 SG-0.0.-839 Monografías
© CES, Consejo Económico y Social de España 2021